000
00238nam a22001217a 4500
040
_c
SK
082
_a
635
100
_a
AGROMISA P.
245
_a
Propagating and planting trees
260
_a
NA
_b
AGR
_c
2002
300
_a
113p.
942
_c
EK
999
_c
9523
_d
9523